Research on motion physical bodies (Record no. 2790)

MARC details
000 -LEADER
fixed length control field 00675 a2200193 4500
010 ## - LIBRARY OF CONGRESS CONTROL NUMBER
LC control number ENG-85512
020 ## - INTERNATIONAL STANDARD BOOK NUMBER
Terms of availability 60.00
035 ## - SYSTEM CONTROL NUMBER
System control number EN-69045
037 ## - SOURCE OF ACQUISITION
Source of stock number/acquisition D.B.Act / Pub
082 14 - DEWEY DECIMAL CLASSIFICATION NUMBER
Classification number 526.37
090 ## - LOCALLY ASSIGNED LC-TYPE CALL NUMBER (OCLC); LOCAL CALL NUMBER (OCLC)
-- 2844
-- 2844
100 1# - MAIN ENTRY--PERSONAL NAME
Personal name Mallikarjunaiah, G.
245 1# - TITLE STATEMENT
Title Research on motion physical bodies
Statement of responsibility, etc by G. Mallikarjunaiah
Remainder of title special knowledge in liquid of barometer
260 ## - PUBLICATION, DISTRIBUTION, ETC. (IMPRINT)
Place of publication, distribution, etc Karnataka
Name of publisher, distributor, etc Sunanda Prakashana
Date of publication, distribution, etc 2005
270 ## - ADDRESS
Address Melanahalli, Chikkanayakanahalli Tq. Tumkur
City Karnataka
Telephone number 9449633011
Postal code 572214
300 ## - PHYSICAL DESCRIPTION
Extent 81 p.
Dimensions 21 cm (Pbk.)
942 ## - ADDED ENTRY ELEMENTS (KOHA)
Institution code [OBSOLETE] dp
Koha item type English Books
Call number prefix 526.37 / MAL
Holdings
Withdrawn status Lost status Source of classification or shelving scheme Damaged status Not for loan Collection code Home library Current library Source of acquisition Cost, normal purchase price Total Checkouts Full call number Barcode Date last seen Copy number Uniform Resource Identifier Cost, replacement price Price effective from Koha item type
    Dewey Decimal Classification   Not For Loan Non-fiction D.B.Act.Division D.B.Act.Division DBAD/PUB 60.00   526.37 EN-69045 15/09/2008 1 2980 60.00 15/09/2008 English Books

© Delhi Public Library
Hit Counter
free hit counter